Welcome to the Holygrace Academy Library

Please use search bar below to get started

KAPALA KUNDALA (Record no. 5288)

MARC details
000 -LEADER
fixed length control field 00299nam a22001337a 4500
082 ## - DEWEY DECIMAL CLASSIFICATION NUMBER
Classification number 823
Item number PAI/K
100 ## - MAIN ENTRY--AUTHOR NAME
Personal name PAI, ANANT
245 ## - TITLE STATEMENT
Title KAPALA KUNDALA
260 ## - PUBLICATION, DISTRIBUTION, ETC. (IMPRINT)
Place of publication MUMBAI
Name of publisher AMAR CHITHRA KATHA
300 ## - PHYSICAL DESCRIPTION
Number of Pages 31
520 ## - SUMMARY, ETC.
Summary, etc ENGLISH SHORT STORY
650 ## - SUBJECT ADDED ENTRY--TOPICAL TERM
Topical Term ENGLISH SHORT STORY
Geographic subdivision MUMBAI
942 ## - ADDED ENTRY ELEMENTS (KOHA)
Koha item type Books
Holdings
Withdrawn status Lost status Collection code Home library Current library Shelving location Date acquired Source of acquisition Cost, normal purchase price Full call number Accession Number Koha item type
    Fiction Main Library Main Library SHELF 3- I- ENGLISH CHILDRENS LITERATURE &MYTHOLOGY 31/10/2012 PURCHASE 40.00 823 PAI/K 06430 Books